00388nam a2200133Ia 4500003000400000005001700004008004100021040000900062082001800071100002400089245009000113260004100203300001000244OSt20201216120432.0190216s9999||||xx |||||||||||||| ||und|| coclc a342.54bGOV/L aGovernment Of India 0aLatest Law Report For Administration In Government Departments /cGovernment Of India bIndian Law House,c1987.aNew Delhi: a1034p